000 00662nam a22001697a 4500
003 OSt
005 20250905071356.0
008 250905b |||||||| |||| 00| 0 eng d
040 _aDWC-Main Lib
_cOC
082 _aCirc. 271.971 S491 1953
100 _aBittle, Rev. Berchmans, O.F.M. CAP.
245 _aThe Servant of God Mother Mary Teresa of St. Joseph :
_ban autobiography
_cRev. Berchmans Bittle O.F.M. CAP.
260 _aUnited States of America :
_bThe Carmelite Sisters of the Divine Heart of Jesus,
_cc1953.
300 _axxiii, 407 pages :
_billustrations ;
_c23cm.
650 _a1. Mary Teresa of St. Joseph, Mother.
942 _2ddc
_cBK-CIRC
_kCirc.
_n0
999 _c4464
_d4464